| 000 | 00702nam a2200193 a 4500 | ||
|---|---|---|---|
| 003 | 0 | ||
| 005 | 20250317112314.0 | ||
| 008 | 080924s19uu xx 00 eng d | ||
| 050 |
_aPHS QL 430.4 _b.Ar1 2008 |
||
| 100 | _aArbis, Andrew M. | ||
| 245 |
_aThe Effects of different acetic acid brand on the mass of the golden apple snail (Pomacea canaliculata) eggs / _cAndrew M. Arbis. |
||
| 260 |
_aLas PiƱas City, Philippines : _bSouthville International School and Colleges, _c2008. |
||
| 300 |
_a21 pages : _billustrations ; _c28 cm. |
||
| 650 | _aPomacea canaliculata. | ||
| 650 |
_aSnails _xEggs. |
||
| 650 |
_aAcetic acid _xPhysiological effect. |
||
| 650 |
_aMollusks _xControl. |
||
| 942 |
_2lcc _cPASS |
||
| 999 |
_c98089 _d98089 |
||